| 000 | 01979cam a22003738a 4500 | ||
|---|---|---|---|
| 001 | 15624444 | ||
| 005 | 20100218095836.0 | ||
| 008 | 090213s2009 nju b 001 0 eng | ||
| 010 | _a 2009006814 | ||
| 020 | _a9780470189306 | ||
| 040 |
_aDLC _cDLC _dDLC |
||
| 050 | 0 | 0 |
_aTK7867.5 _b.O867 2009 |
| 082 | 0 | 0 |
_a621.38224 _222 _bOTT |
| 100 | 1 |
_aOtt, Henry W., _d1936- _911975 |
|
| 245 | 1 | 0 |
_aElectromagnetic compatibility engineering / _cHenry W. Ott. |
| 250 | _aRev. ed. | ||
| 260 |
_aHoboken, N.J. : _bJohn Wiley & Sons, _cc.2009. |
||
| 263 | _a0909 | ||
| 300 |
_a843p: _bill; _c25. |
||
| 500 | _aEarlier ed. published under title: Noise reduction techniques in electronic systems, 1988. | ||
| 500 | _aIncludes Index. | ||
| 504 | _aIncludes bibliographical references and index. | ||
| 650 | 0 |
_aElectronic circuits _xNoise. _911976 |
|
| 650 | 0 |
_aElectromagnetic compatibility. _911977 |
|
| 700 | 1 |
_aOtt, Henry W., _d1936- _tNoise reduction techniques in electronic systems. _911978 |
|
| 856 | 4 | 2 |
_3Publisher description _uhttp://www.loc.gov/catdir/enhancements/fy0906/2009006814-d.html |
| 856 | 4 | 2 |
_3Contributor biographical information _uhttp://www.loc.gov/catdir/enhancements/fy0913/2009006814-b.html |
| 856 | 4 | 1 |
_3Table of contents only _uhttp://www.loc.gov/catdir/enhancements/fy0917/2009006814-t.html |
| 942 |
_2ddc _cBB |
||
| 999 |
_c13527 _d13527 |
||